Gwathmey Siegel : (Record no. 8058)

MARC details
000 -LEADER
fixed length control field 00540nam a22001697a 4500
003 - CONTROL NUMBER IDENTIFIER
control field OSt
005 - DATE AND TIME OF LATEST TRANSACTION
control field 20260131022315.0
008 - FIXED-LENGTH DATA ELEMENTS--GENERAL INFORMATION
fixed length control field 260131b |||||||| |||| 00| 0 eng d
020 ## - INTERNATIONAL STANDARD BOOK NUMBER
International Standard Book Number 0-8478-1676-1
040 ## - CATALOGING SOURCE
Original cataloging agency DWC-Main lib.
Transcribing agency OC
082 ## - DEWEY DECIMAL CLASSIFICATION NUMBER
Classification number Circ. 720.922 G989 1993
100 ## - MAIN ENTRY--PERSONAL NAME
Personal name Eiserman, Peter
245 ## - TITLE STATEMENT
Title Gwathmey Siegel :
Remainder of title buildings and projects, 1982-1992/
Statement of responsibility, etc. Peter Eiserman
260 ## - PUBLICATION, DISTRIBUTION, ETC.
Place of publication, distribution, etc. New York :
Name of publisher, distributor, etc. Rizzoli Int'l. Pub.,
Date of publication, distribution, etc. c1993
300 ## - PHYSICAL DESCRIPTION
Extent 336 p. :
Other physical details colored illustrations ;
Dimensions 28 cm.
942 ## - ADDED ENTRY ELEMENTS (KOHA)
Source of classification or shelving scheme Dewey Decimal Classification
Koha item type Book Circulation
Classification part Circ.
Suppress in OPAC No
952 ## - LOCATION AND ITEM INFORMATION (KOHA)
--
Holdings
Withdrawn status Lost status Source of classification or shelving scheme Damaged status Not for loan Home library Current library Shelving location Date acquired Source of acquisition Cost, normal purchase price Total Checkouts Full call number Barcode Date last seen Copy number Price effective from Koha item type Uniform Resource Identifier
    Dewey Decimal Classification     College Library College Library Circulation 07/29/2004 Donation 0.00   Circ. 720.922 G989 1993 CL40744 01/31/2026 c1 01/31/2026 BK-CIRC